000 00313nam a2200121Ia 4500
008 191201s2011 xx 000 0 und d
100 _aKOTHANDARAMAN, C.P.
245 0 _aFluid Mechanics and Machinery
260 _aN. Delhi
_bNew Age International
_c2011
300 _a874
650 _aB.Tech(CE)
942 _2ddc
_cBK
999 _c6339
_d6339